A lagarta comilona (Registo nº 2636)

Detalhes MARC
000 -Etiqueta do registo
Cabeçalho 00818nam a22002771 4500
005 - Identificador da versão
Campo de controlo 20240827165931.0
010 ## - Número internacional normalizado dos livros (ISBN)
Número (ISBN) 9727930530
100 ## - Dados gerais de processamento
Dados gerais de processamento 20060427d2005 bc y0pory5003 ba
101 1# - Língua de publicação
Língua do texto, banda sonora, etc. Português
Língua do documento no original Inglês
102 ## - Pais de publicação ou produção
País de publicação Portugal
105 ## - Campo de dados codificados: livros
Dados codificados dos livros a z 000fy
106 ## - Campo de dados codificados: material textual
Dados codificados do material textual r
200 1# - Titulo e menção de responsabilidade
Título próprio A lagarta comilona
Primeira menção de responsabilidade texto de Sheridan Cain
Outras menções de responsabilidade il. Jack Tickle
210 ## - Publicação, Distribuição, etc. 
Lugar da edição, distribuição, etc. Lisboa
Nome do editor, distribuidor, etc. Minutos de Leitura
Data da publicação, distribuição, etc. cop. 2005
215 ## - Descrição física 
Indicação específica da natureza do documento e extensão da espécie [17] p.
Outras indicações físicas todo il.
Dimensões 27 cm
225 2# - Colecção 
Título próprio da colecção Uma história animada
300 ## - Notas gerais 
Texto da nota Livro em 3D
304 ## - Notas relativas a título e menção de responsabilidade 
Texto da nota Tít. orig.: The crunching munching caterpillar
606 ## - Nome comum usado como assunto
Número de registo de entrada de autoridade 0000001
Palavra de ordem Literatura estrangeira infantil
Subdivisão de assunto Conto
675 ## - Classificação Decimal Universal (CDU)
Notação 821.134.3-34
Edição
Língua da edição por
700 #1 - Nome de autor-pessoa física (responsabilidade principal)
Número de registo de entrada de autoridade 0001445
Palavra de ordem Cain
Outra parte do nome não tomada para palavra de ordem Sheridan
701 #1 - Nome de autor-pessoa física (co-responsabilidade principal)
Palavra de ordem Tickle
Outra parte do nome não tomada para palavra de ordem Jack
Código de função Ilustrador / Técnico de desenho computorizado
702 #1 - Nome de autor-pessoa física (responsabilidade secundária)
Número de registo de entrada de autoridade 0001447
Palavra de ordem Semedo
Outra parte do nome não tomada para palavra de ordem Mónica
Código de função Tradutor
942 ## - Elementos de entrada adicionados (Koha)
Tipo de item no Koha Livro
Exemplares
Situação do levantamento Origin of item (home branch) (coded) Biblioteca de empréstimo Código de barras Cota Circulation type (not for loan) Tipo de documento Nota do exemplar Damaged status
  Biblioteca Escolar da Coca Maravilhas Biblioteca Escolar da Coca Maravilhas BECM7558/06 8EST CAI   Livro Sem mensagem